[Event "Heilbronner SV 1 - SK Bebenhausen 1"]
[Site "Oberliga 2019/2020"]
[Date "2019.09.15"]
[Round "1.8"]
[White "Bühler, Severin"]
[Black "Waffenschmidt, Lars"]
[Result "1-0"]
[WhiteElo "1880"]
[BlackElo "1965"]
[PlyCount "89"]
[EventDate "2019.??.??"]
[WhiteTeam "Heilbronner SV 1"]
[BlackTeam "SK Bebenhausen 1"]

1. e4 e5 2. Nf3 Nc6 3. Bb5 a6 4. Ba4 Nf6 5. O-O Be7 6. Re1 b5 7. Bb3 O-O 8. c3
d5 9. exd5 Nxd5 10. Nxe5 Nxe5 11. Rxe5 Nf6 12. d4 Bd6 13. Re1 Ng4 14. h3 Nxf2
15. Qf3 Qh4 16. Re3 Nd3 17. g3 Qg5 18. h4 Qg6 19. Nd2 Bg4 20. Qg2 Nxc1 21. Rxc1
c5 22. Bc2 Qh6 23. Rce1 cxd4 24. cxd4 Bb4 25. a3 Ba5 26. b4 Rac8 27. Nb3 Bb6
28. Nc5 Qd6 29. Qe4 f5 30. Bb3+ Kh8 31. Qf4 Qf6 32. Re6 Qd8 33. Rd6 Qc7 34.
Ree6 Bxc5 35. dxc5 Rfe8 36. Rxa6 Qb7 37. Rab6 Qa7 38. Ra6 Qb7 39. Qe5 Rxe6 40.
Rxe6 Qa8 41. Re7 Rg8 42. Bxg8 Qxg8 43. Re8 Bh5 44. Rxg8+ Kxg8 45. c6 1-0

[Event "SV Nürtingen 1 - SC Weiler im Allgäu 1"]
[Site "Oberliga 2019/2020"]
[Date "2019.09.15"]
[Round "1.1"]
[White "Henrichs, Thomas"]
[Black "Weigand, Bernhard"]
[Result "1-0"]
[WhiteElo "2390"]
[BlackElo "2195"]
[PlyCount "143"]
[EventDate "2019.??.??"]
[WhiteTeam "SC Weiler im Allgäu 1"]
[BlackTeam "SV Nürtingen 1"]

1. Nf3 d5 2. e3 Nf6 3. c4 e6 4. Nc3 Be7 5. b3 O-O 6. Bb2 c5 7. cxd5 exd5 8. d4
Nc6 9. Be2 Be6 10. O-O Ne4 11. dxc5 Bxc5 12. Rc1 Qa5 13. Na4 Be7 14. a3 Rac8
15. b4 Qd8 16. Nd4 Nxd4 17. Bxd4 Rxc1 18. Qxc1 b6 19. Nc3 Qd7 20. Qb2 Nxc3 21.
Bxc3 f6 22. Bd4 Rc8 23. Bd1 Qc6 24. h3 Bf5 25. Bb3 Bd3 26. Rd1 Bc4 27. Bc2 g6
28. h4 Qe6 29. Rd2 Kf7 30. Qb1 Qg4 31. g3 Bd6 32. Bd1 Qh3 33. Bf3 Qe6 34. Qd1
Rd8 35. Kg2 Be7 36. Bb2 Rd6 37. Rd4 Qd7 38. Qb1 f5 39. Rf4 Bf6 40. Bxf6 Rxf6
41. Qb2 Qd6 42. Rd4 Qe5 43. Qd2 Rd6 44. g4 fxg4 45. Bxg4 Ke7 46. Qd1 a6 47. Bf3
Qe6 48. Qh1 Kd8 49. Qh2 Kc7 50. Qf4 Qf6 51. Qxf6 Rxf6 52. Bxd5 Bxd5+ 53. Rxd5
Kc6 54. Re5 Kd6 55. Rg5 h6 56. Rg4 Ke5 57. Rd4 Rc6 58. f4+ Kf5 59. Kf3 b5 60.
Rd3 Kf6 61. e4 h5 62. Ke3 Ke6 63. e5 Kf5 64. Rd6 Rc3+ 65. Kd4 Rc4+ 66. Kd5 Kxf4
67. Rxg6 Rc3 68. Rxa6 Rd3+ 69. Kc5 Kxe5 70. Kxb5 Rh3 71. a4 Rxh4 72. Rh6 1-0

[Event "SV Nürtingen 1 - SC Weiler im Allgäu 1"]
[Site "Oberliga 2019/2020"]
[Date "2019.09.15"]
[Round "1.3"]
[White "Kraus, Tomas"]
[Black "Aring, Gerd"]
[Result "1-0"]
[WhiteElo "2471"]
[BlackElo "2155"]
[PlyCount "63"]
[EventDate "2019.??.??"]
[WhiteTeam "SC Weiler im Allgäu 1"]
[BlackTeam "SV Nürtingen 1"]

1. e4 c5 2. Nc3 Nc6 3. Bb5 g6 4. Bxc6 dxc6 5. d3 Bg7 6. Be3 b6 7. f4 Bd4 8. Qd2
Bxe3 9. Qxe3 Qd4 10. Qd2 Nf6 11. Nf3 Qd8 12. O-O Qc7 13. Kh1 Bg4 14. Ne5 Be6
15. a3 Nh5 16. Ne2 g5 17. Nf3 h6 18. f5 Bd7 19. b4 cxb4 20. axb4 g4 21. Qc3 Rh7
22. Ne5 g3 23. h3 f6 24. Ng6 O-O-O 25. Ra6 Kb8 26. Nd4 Rc8 27. Rfa1 e5 28. fxe6
Be8 29. Nf8 c5 30. bxc5 bxc5 31. Qb3+ Ka8 32. Qd5+ 1-0

[Event "SV Nürtingen 1 - SC Weiler im Allgäu 1"]
[Site "Oberliga 2019/2020"]
[Date "2019.09.15"]
[Round "1.4"]
[White "Auch, Stefan"]
[Black "Tuncer, Ufuk"]
[Result "1-0"]
[WhiteElo "2013"]
[BlackElo "2346"]
[PlyCount "59"]
[EventDate "2019.??.??"]
[WhiteTeam "SV Nürtingen 1"]
[BlackTeam "SC Weiler im Allgäu 1"]

1. e4 c5 2. c3 Nf6 3. e5 Nd5 4. d4 cxd4 5. cxd4 Nc6 6. Nc3 Nxc3 7. bxc3 d6 8.
f4 dxe5 9. fxe5 g6 10. Nf3 Bg7 11. Bd3 O-O 12. h3 Qa5 13. Bd2 Rd8 14. Qe2 Qc7
15. O-O f6 16. Rad1 Kh8 17. Qe1 Nxe5 18. Nxe5 fxe5 19. Qh4 Kg8 20. Bg5 Qxc3 21.
Bxe7 Rxd4 22. Qg3 Bg4 23. hxg4 e4 24. Rc1 Qxd3 25. Qc7 h6 26. Qxb7 Re8 27. Bc5
Rd7 28. Qc6 Qd5 29. Qxg6 Re6 30. Rf8# 1-0

[Event "SV Nürtingen 1 - SC Weiler im Allgäu 1"]
[Site "Oberliga 2019/2020"]
[Date "2019.09.15"]
[Round "1.5"]
[White "Balacek, Tadeas"]
[Black "Gold, Stefan"]
[Result "1-0"]
[WhiteElo "2319"]
[BlackElo "2013"]
[PlyCount "95"]
[EventDate "2019.??.??"]
[WhiteTeam "SC Weiler im Allgäu 1"]
[BlackTeam "SV Nürtingen 1"]

1. d4 e6 2. Nf3 Nf6 3. Bf4 b6 4. e3 Bb7 5. Bd3 Be7 6. h3 d6 7. O-O O-O 8. Qe2
Ne4 9. Nfd2 f5 10. f3 Nxd2 11. Nxd2 Nd7 12. Bb5 Kh8 13. Rad1 a6 14. Ba4 Nf6 15.
e4 Nh5 16. Bh2 f4 17. Nb1 Bh4 18. Bb3 Qe7 19. e5 d5 20. c4 Bg3 21. Qd2 dxc4 22.
Bxc4 Rad8 23. Bxg3 Nxg3 24. Rfe1 c5 25. Qf2 b5 26. Bb3 c4 27. Bc2 Nf5 28. Bxf5
Rxf5 29. Nc3 Rg5 30. Kh1 Qf7 31. Qh4 h6 32. a3 Rf8 33. Qf2 Qh5 34. Kh2 Rg3 35.
d5 Qh4 36. Kg1 exd5 37. Ne2 Qg5 38. Nxg3 fxg3 39. Qb6 Qe7 40. Qd4 Rd8 41. f4
Bc8 42. e6 Bb7 43. f5 Rf8 44. Rf1 Kh7 45. Rde1 a5 46. Re3 b4 47. axb4 axb4 48.
Rxg3 1-0

[Event "SV Nürtingen 1 - SC Weiler im Allgäu 1"]
[Site "Oberliga 2019/2020"]
[Date "2019.09.15"]
[Round "1.6"]
[White "Kill, Matthias"]
[Black "Wunder, Niklas"]
[Result "1/2-1/2"]
[WhiteElo "2011"]
[BlackElo "2055"]
[PlyCount "66"]
[EventDate "2019.??.??"]
[WhiteTeam "SV Nürtingen 1"]
[BlackTeam "SC Weiler im Allgäu 1"]

1. Nf3 Nf6 2. c4 g6 3. Nc3 Bg7 4. e4 d6 5. d4 O-O 6. Be2 e5 7. O-O Nc6 8. d5
Ne7 9. Nd2 a5 10. Rb1 Nd7 11. a3 f5 12. b4 axb4 13. axb4 Nf6 14. f3 h5 15. c5
f4 16. Nc4 g5 17. b5 Ng6 18. b6 dxc5 19. bxc7 Qxc7 20. Nb6 Ra5 21. d6 Qc6 22.
Bb5 Rxb5 23. Rxb5 Be6 24. Nbd5 Bxd5 25. exd5 Qxd6 26. Qd3 e4 27. Nxe4 Nxe4 28.
Qxe4 Rf7 29. Qb1 Qxd5 30. Qxg6 Qd4+ 31. Kh1 Qc4 32. Rd1 Qxb5 33. Qxg5 Rd7
1/2-1/2

[Event "SV Nürtingen 1 - SC Weiler im Allgäu 1"]
[Site "Oberliga 2019/2020"]
[Date "2019.09.15"]
[Round "1.7"]
[White "Wunder, Fabian"]
[Black "Schwarz, Arnd-Rüdiger"]
[Result "1/2-1/2"]
[WhiteElo "2032"]
[BlackElo "2143"]
[PlyCount "31"]
[EventDate "2019.??.??"]
[WhiteTeam "SC Weiler im Allgäu 1"]
[BlackTeam "SV Nürtingen 1"]

1. d4 Nf6 2. g3 g6 3. Bg2 Bg7 4. c4 O-O 5. Nc3 Nc6 6. Nf3 d5 7. cxd5 Nxd5 8. e4
Nb6 9. d5 Na5 10. O-O c6 11. dxc6 Nxc6 12. Bf4 Be6 13. Qc1 Bc4 14. Rd1 Qc8 15.
Bh6 Rd8 16. Bxg7 1/2-1/2

[Event "SV Nürtingen 1 - SC Weiler im Allgäu 1"]
[Site "Oberliga 2019/2020"]
[Date "2019.09.15"]
[Round "1.8"]
[White "Doll, Michael"]
[Black "Hosticka, Frantisek"]
[Result "1/2-1/2"]
[WhiteElo "2001"]
[BlackElo "2067"]
[PlyCount "23"]
[EventDate "2019.??.??"]
[WhiteTeam "SV Nürtingen 1"]
[BlackTeam "SC Weiler im Allgäu 1"]

1. d4 Nf6 2. Nf3 e6 3. e3 c5 4. Bd3 Nc6 5. O-O Be7 6. c4 d5 7. Nc3 dxc4 8. Bxc4
O-O 9. dxc5 Bxc5 10. a3 a6 11. b4 Be7 12. Bb2 1/2-1/2

[Event "SC Böblingen 1 - TSV Schönaich 2"]
[Site "Oberliga 2019/2020"]
[Date "2019.09.15"]
[Round "1.1"]
[White "Kölle, Tobias"]
[Black "Gähwiler, Gabriel"]
[Result "1/2-1/2"]
[WhiteElo "2238"]
[BlackElo "2388"]
[PlyCount "87"]
[EventDate "2019.??.??"]
[WhiteTeam "TSV Schönaich 2"]
[BlackTeam "SC Böblingen 1"]

1. d4 Nf6 2. c4 g6 3. f3 Bg7 4. e4 d6 5. Nc3 O-O 6. Bg5 c5 7. d5 e6 8. Qd2 h6
9. Be3 exd5 10. cxd5 h5 11. Bd3 Nbd7 12. Nh3 Ne5 13. Nf2 Nxd3+ 14. Qxd3 a6 15.
a4 Bd7 16. O-O b5 17. axb5 axb5 18. Rxa8 Qxa8 19. Nxb5 Bxb5 20. Qxb5 Rb8 21.
Qc6 Qxc6 22. dxc6 Ne8 23. Ra1 Rc8 24. Ra6 Nc7 25. Rb6 c4 26. Rb4 d5 27. Ba7
dxe4 28. Nxe4 Na6 29. Rxc4 Bxb2 30. Nd6 Ra8 31. Nb5 Be5 32. Re4 f6 33. f4 Nc7
34. fxe5 Nxb5 35. Bb6 Rc8 36. Rb4 Nc3 37. Rc4 Nd5 38. Bd4 Ne7 39. c7 Nd5 40.
Rc5 Nf4 41. Be3 Ne6 42. Rc6 Kf7 43. exf6 Rxc7 44. Rxc7+ 1/2-1/2

[Event "SC Böblingen 1 - TSV Schönaich 2"]
[Site "Oberliga 2019/2020"]
[Date "2019.09.15"]
[Round "1.2"]
[White "Kuklin, Valentin"]
[Black "Tica, Sven"]
[Result "1/2-1/2"]
[WhiteElo "2335"]
[BlackElo "2427"]
[PlyCount "113"]
[EventDate "2019.??.??"]
[WhiteTeam "SC Böblingen 1"]
[BlackTeam "TSV Schönaich 2"]

1. e4 c6 2. Nc3 d5 3. Nf3 dxe4 4. Nxe4 Nf6 5. Nxf6+ exf6 6. Bc4 Bd6 7. Qe2+ Be7
8. O-O O-O 9. Re1 Bd6 10. d4 Na6 11. h3 Nc7 12. Bd2 Re8 13. Qd3 Be6 14. Bxe6
Nxe6 15. c4 Qd7 16. Rad1 Rad8 17. Be3 b6 18. Qc2 Qc7 19. a3 Bf8 20. b4 Rd7 21.
Rd2 Red8 22. Red1 g6 23. Qb3 Qb7 24. a4 b5 25. axb5 cxb5 26. c5 Rd5 27. Ra1 Ra8
28. Rda2 Rdd8 29. Ra6 h5 30. Qa2 g5 31. Rxa7 Rxa7 32. Qxa7 Qe4 33. Qa2 g4 34.
hxg4 hxg4 35. Nd2 Qd3 36. Qb3 Qf5 37. Qb1 Qxb1+ 38. Rxb1 f5 39. Nb3 f4 40. Bd2
Nxd4 41. Nxd4 Rxd4 42. Be1 Rc4 43. Bd2 Rd4 44. Rb2 Be7 45. Rc2 Kf8 46. f3 f5
47. Kf1 Ke8 48. Ke2 Kd7 49. Ra2 Bd8 50. Ra6 g3 51. Rh6 Bc7 52. Bc3 Rd5 53. c6+
Kc8 54. Rh8+ Rd8 55. Rxd8+ Kxd8 56. Kd3 Ke7 57. Bd2 1/2-1/2

[Event "SC Böblingen 1 - TSV Schönaich 2"]
[Site "Oberliga 2019/2020"]
[Date "2019.09.15"]
[Round "1.3"]
[White "Richter, Nils"]
[Black "Ortmann, David"]
[Result "0-1"]
[WhiteElo "2174"]
[BlackElo "2339"]
[PlyCount "66"]
[EventDate "2019.??.??"]
[WhiteTeam "TSV Schönaich 2"]
[BlackTeam "SC Böblingen 1"]

1. e4 e6 2. d4 d5 3. Nd2 Be7 4. e5 Nh6 5. Bd3 c5 6. c3 Nc6 7. Ne2 Nf5 8. Nf3
cxd4 9. cxd4 Bd7 10. O-O Qb6 11. Bc2 Rc8 12. a3 Na5 13. Nf4 Qc6 14. Bd3 h5 15.
Bd2 Nc4 16. Rc1 g5 17. Nxh5 Rxh5 18. g4 Rh3 19. gxf5 exf5 20. Kg2 g4 21. Ne1
Qg6 22. b3 Bc6 23. Bf4 Bg5 24. Bxg5 Qxg5 25. Bxc4 dxc4+ 26. d5 Qf4 27. Rh1 Qe4+
28. f3 gxf3+ 29. Nxf3 Bxd5 30. Rc3 Rxf3 31. Rxf3 cxb3 32. Rhf1 Rc3 33. Kg3 Qg4+
0-1

[Event "SC Böblingen 1 - TSV Schönaich 2"]
[Site "Oberliga 2019/2020"]
[Date "2019.09.15"]
[Round "1.4"]
[White "Tran, Thanh Kien"]
[Black "Lorscheid, Gerhard"]
[Result "0-1"]
[WhiteElo "2138"]
[BlackElo "2253"]
[PlyCount "94"]
[EventDate "2019.??.??"]
[WhiteTeam "SC Böblingen 1"]
[BlackTeam "TSV Schönaich 2"]

1. d4 d6 2. Nf3 g6 3. c4 Bg7 4. Nc3 e5 5. e4 exd4 6. Nxd4 Ne7 7. Be2 Nbc6 8.
Be3 O-O 9. O-O f5 10. c5 f4 11. cxd6 fxe3 12. dxe7 exf2+ 13. Rxf2 Nxe7 14. Qb3+
Kh8 15. Rxf8+ Qxf8 16. Ndb5 Be5 17. Rf1 Qh6 18. g3 Bh3 19. Rf3 Rf8 20. Rxf8+
Qxf8 21. Qc4 Qf6 22. Bf1 Qb6+ 23. Kh1 Be6 24. Qe2 Qc5 25. Qd2 a6 26. Na3 b5 27.
Nc2 Ng8 28. a3 Nf6 29. Bg2 Kg7 30. Nd1 Bb3 31. Nce3 Qd4 32. Qe2 Nxe4 33. Qf3
Bxd1 34. Qxe4 Qxe4 35. Bxe4 Bb3 36. Bb7 Bxb2 37. Bxa6 Bd4 38. Ng2 c6 39. h4 Bb2
40. Nf4 Bxa3 41. Kg2 Bd6 42. Bb7 Bxf4 43. Bxc6 b4 44. gxf4 Be6 45. h5 b3 46.
hxg6 hxg6 47. Be4 Bf5 0-1

[Event "SC Böblingen 1 - TSV Schönaich 2"]
[Site "Oberliga 2019/2020"]
[Date "2019.09.15"]
[Round "1.5"]
[White "Buschle, Lukas"]
[Black "Müller, Ralf"]
[Result "0-1"]
[WhiteElo "2114"]
[BlackElo "2316"]
[PlyCount "43"]
[EventDate "2019.??.??"]
[WhiteTeam "TSV Schönaich 2"]
[BlackTeam "SC Böblingen 1"]

1. d4 d5 2. c4 e6 3. Nc3 Nf6 4. Nf3 Be7 5. Bf4 O-O 6. e3 b6 7. cxd5 Nxd5 8.
Nxd5 Qxd5 9. Bd3 Qa5+ 10. Nd2 Ba6 11. Bxa6 Nxa6 12. O-O c5 13. dxc5 Rfd8 14. b4
Qxb4 15. Qe2 Nxc5 16. Nf3 Bf6 17. Rab1 Qa4 18. Ne5 Rd5 19. Ng4 Be7 20. Rfd1
Rad8 21. Bg3 h5 22. e4 0-1

[Event "Oberliga 2019/2020"]
[Site "Oberliga 2019/2020"]
[Date "2019.09.15"]
[Round "1.6"]
[White "Vujic, Branimir"]
[Black "Brunner, Jan"]
[Result "0-1"]
[WhiteElo "2249"]
[BlackElo "1999"]
[PlyCount "144"]
[EventDate "2019.??.??"]
[WhiteTeam "SC Böblingen 1"]
[BlackTeam "TSV Schönaich 2"]

1. d4 Nf6 2. Bf4 e6 3. e3 d5 4. Nd2 Bd6 5. Bg3 c5 6. c3 Nc6 7. Bd3 O-O 8. Ngf3
b6 9. Ne5 Ne7 10. f3 Qc7 11. Qe2 Bb7 12. Kf2 Nf5 13. Bxf5 exf5 14. Nd3 Ba6 15.
Bxd6 Qxd6 16. Nf1 Rfe8 17. Qd2 g6 18. Ng3 Re7 19. Rhe1 Rae8 20. Nf4 h5 21. h4
Bb7 22. Rad1 c4 23. Nf1 Bc6 24. b3 b5 25. g3 Kg7 26. Rb1 Rb8 27. Rb2 Reb7 28.
Reb1 Qd7 29. Qc1 Qd6 30. Nd2 Qa3 31. bxc4 bxc4 32. Ne6+ Kh6 33. Rxb7 Qxc1 34.
Rxc1 Rxb7 35. Ng5 Rb2 36. Ke1 Kg7 37. a4 Ra2 38. Rb1 Nd7 39. e4 fxe4 40. fxe4
Rxa4 41. exd5 Bxd5 42. Rb5 Bc6 43. Rb2 Nb6 44. Nde4 Bd5 45. Nd6 Ra1+ 46. Kd2
Rg1 47. Rb5 Rg2+ 48. Ke1 Rxg3 49. Ra5 Re3+ 50. Kd2 Re7 51. Nb5 Bg2 52. Rxa7
Rxa7 53. Nxa7 Kf6 54. Nb5 Ke7 55. Ke2 Bc6 56. Na3 f6 57. Nh3 Ke6 58. Nf2 Kf5
59. Nd1 Kg4 60. Ne3+ Kxh4 61. Nexc4 Nxc4 62. Nxc4 Bb5 63. Kd3 Kg3 64. d5 h4 65.
Kd4 h3 66. Nd6 Bd7 67. Ne4+ Kg2 68. Ke3 h2 69. Nf2 Bb5 70. d6 g5 71. c4 Bc6 72.
c5 f5 0-1

[Event "SC Böblingen 1 - TSV Schönaich 2"]
[Site "Oberliga 2019/2020"]
[Date "2019.09.15"]
[Round "1.7"]
[White "Reck, Moritz"]
[Black "Bauer, Peter"]
[Result "0-1"]
[WhiteElo "2128"]
[BlackElo "2124"]
[PlyCount "50"]
[EventDate "2019.??.??"]
[WhiteTeam "TSV Schönaich 2"]
[BlackTeam "SC Böblingen 1"]

1. e4 e5 2. Nc3 Nf6 3. f4 d5 4. fxe5 Nxe4 5. Nf3 Be7 6. Qe2 Nxc3 7. dxc3 c5 8.
Be3 Nc6 9. O-O-O Qa5 10. Kb1 h6 11. Nd2 Be6 12. Nb3 Qa4 13. Nxc5 Bxc5 14. Bxc5
Bg4 15. Qd2 Bxd1 16. Qxd1 O-O-O 17. Bd6 Rhe8 18. g3 Nxe5 19. Bh3+ Nd7 20. Qxd5
Qc6 21. Qd1 g6 22. Bg4 Qb6 23. Qd5 f5 24. Bf3 Ne5 25. Rd1 Nxf3 0-1

[Event "SC Böblingen 1 - TSV Schönaich 2"]
[Site "Oberliga 2019/2020"]
[Date "2019.09.15"]
[Round "1.8"]
[White "Schröter, Samuel"]
[Black "Kübler, Marcus"]
[Result "1-0"]
[WhiteElo "2138"]
[BlackElo "1978"]
[PlyCount "71"]
[EventDate "2019.??.??"]
[WhiteTeam "SC Böblingen 1"]
[BlackTeam "TSV Schönaich 2"]

1. c4 g6 2. Nc3 Bg7 3. Nf3 d6 4. g3 e5 5. d3 f5 6. Bg5 Nf6 7. Bg2 h6 8. Bxf6
Bxf6 9. Qd2 g5 10. h4 g4 11. Nh2 Nc6 12. O-O-O Bg7 13. f3 h5 14. fxg4 hxg4 15.
Kb1 Bh6 16. e3 Be6 17. Qe2 Qd7 18. d4 Bg8 19. d5 Ne7 20. e4 Bh7 21. Ka1 Rg8 22.
exf5 Nxf5 23. Ne4 O-O-O 24. Nxg4 Rxg4 25. Qxg4 Ne3 26. Qe2 Bxe4 27. Bxe4 Nxd1
28. Qxd1 Rf8 29. g4 Kb8 30. g5 Rf4 31. Qe2 Bg7 32. h5 Qf7 33. h6 Bh8 34. g6 Qf6
35. Qg2 Rf2 36. Qxf2 1-0

[Event "SK Bebenhausen 1 - SV Nürtingen 1"]
[Site "Oberliga 2019/2020"]
[Date "2019.10.13"]
[Round "2.3"]
[White "Mareck, Sascha"]
[Black "Carstens, Andreas"]
[Result "1-0"]
[WhiteElo "2106"]
[BlackElo "2107"]
[PlyCount "75"]
[EventDate "2019.??.??"]

1. d4 Nf6 2. Nf3 g6 3. c4 Bg7 4. Nc3 O-O 5. e4 d6 6. Be2 e5 7. O-O Nc6 8. d5
Ne7 9. b4 a5 10. bxa5 c5 11. Nd2 Rxa5 12. Nb3 Ra6 13. Be3 Nd7 14. a4 f5 15. f3
f4 16. Bf2 g5 17. a5 Ng6 18. Nb5 Rf7 19. Nxd6 Rxd6 20. Nxc5 Nxc5 21. Bxc5 Bf8
22. Bf2 Rg7 23. c5 Rf6 24. Qb3 Kh8 25. Rfc1 h5 26. c6 g4 27. Qb6 Qe8 28. cxb7
Rxb6 29. bxc8=Q Qxc8 30. Rxc8 Rb2 31. Kf1 Rgb7 32. a6 Rb1+ 33. Rc1 Rxc1+ 34.
Rxc1 Rb2 35. a7 Ra2 36. fxg4 hxg4 37. Bxg4 Kg7 38. Bd7 1-0

[Event "SK Schmiden/Cannstatt 1 - SF Deizisau 2"]
[Site "Oberliga 2019/2020"]
[Date "2019.10.13"]
[Round "2.3"]
[White "Fischer, Sebastian"]
[Black "Holzhäuer, Mathias"]
[Result "1-0"]
[WhiteElo "2246"]
[BlackElo "2178"]
[PlyCount "119"]
[EventDate "2019.??.??"]
[WhiteTeam "SF Deizisau 2"]
[BlackTeam "SK Schmiden/Cannstatt 1"]

1. d4 Nf6 2. Bg5 e6 3. Nd2 h6 4. Bh4 c5 5. e4 cxd4 6. e5 g5 7. Bg3 Nd5 8. h4
gxh4 9. Rxh4 Qb6 10. Bc4 Nc6 11. Bxd5 exd5 12. Ne2 d6 13. exd6 Bd7 14. Nb3 Bg7
15. Qd2 Ne5 16. Bxe5 Bxe5 17. Rxh6 Rxh6 18. Qxh6 O-O-O 19. Qd2 Bb5 20. O-O-O
Rxd6 21. Nexd4 Bc4 22. Kb1 Rg6 23. g3 Rg4 24. Nf5 Qf6 25. Ne3 Rg8 26. Nxc4 dxc4
27. Qd7+ Kb8 28. Na5 Bc7 29. Qd5 Bxa5 30. Qxa5 Rc8 31. Qd2 Rc6 32. c3 a6 33.
Qd8+ Ka7 34. Qxf6 Rxf6 35. Rd2 Kb6 36. Kc1 Kc5 37. Kd1 b5 38. a3 a5 39. Ke2 b4
40. axb4+ axb4 41. f4 bxc3 42. bxc3 Ra6 43. g4 Ra3 44. Rc2 f6 45. Ke3 Ra1 46.
Ke4 Rg1 47. Kf5 Rg3 48. Ra2 Rxc3 49. Kxf6 Rg3 50. g5 Kd4 51. Ra4 Kd3 52. g6 c3
53. g7 Rg4 54. f5 Rxa4 55. g8=Q Re4 56. Qb3 Kd2 57. Qd5+ Ke3 58. Qd1 Rc4 59.
Qc2 Kd4 60. Kg6 1-0

[Event "TSV Schönaich 2 - SC Weiler im Allgäu 1"]
[Site "Oberliga 2019/2020"]
[Date "2019.11.10"]
[Round "3.1"]
[White "Henrichs, Thomas"]
[Black "Kölle, Tobias"]
[Result "1-0"]
[WhiteElo "2386"]
[BlackElo "2263"]
[PlyCount "89"]
[EventDate "2019.??.??"]
[WhiteTeam "SC Weiler im Allgäu 1"]
[BlackTeam "TSV Schönaich 2"]

1. d4 Nf6 2. c4 g6 3. Nc3 Bg7 4. e4 d6 5. h3 O-O 6. Nf3 e5 7. d5 Na6 8. Be3 Nh5
9. g3 Qe8 10. Be2 Bd7 11. Nd2 Nf6 12. g4 Qc8 13. a3 c5 14. Rg1 Ne8 15. Bd3 Kh8
16. Qe2 b6 17. Kd1 Rb8 18. Kc2 Nac7 19. h4 Qb7 20. g5 f5 21. f3 b5 22. cxb5 a6
23. a4 axb5 24. axb5 Na8 25. Nb3 Qc8 26. Na5 Nb6 27. Nc6 Ra8 28. Qg2 Nc7 29.
Qh1 fxe4 30. fxe4 Bxc6 31. bxc6 Na6 32. h5 Nb4+ 33. Kd2 Kg8 34. h6 Rxa1 35.
hxg7 Nxd3 36. gxf8=Q+ Qxf8 37. Kxd3 Ra5 38. Qh3 Qa8 39. Qe6+ Kh8 40. Qxd6 Na4
41. Qf6+ Kg8 42. Qe6+ Kg7 43. Qd7+ Kg8 44. c7 Nxb2+ 45. Kc2 1-0

[Event "SK Bebenhausen 1 - TSV Schönaich 2"]
[Site "Oberliga 2019/2020"]
[Date "2019.12.01"]
[Round "4.6"]
[White "Wendler, David"]
[Black "Reck, Moritz"]
[Result "1-0"]
[WhiteElo "2133"]
[BlackElo "2105"]
[PlyCount "121"]
[EventDate "2019.??.??"]
[WhiteTeam "SK Bebenhausen 1"]
[BlackTeam "TSV Schönaich 2"]

1. e4 g6 2. d4 Bg7 3. Nc3 d6 4. f4 Nf6 5. Nf3 O-O 6. Be3 b6 7. e5 dxe5 8. dxe5
Ng4 9. Bg1 Bb7 10. Bd3 Na6 11. h3 Nh6 12. Qe2 Qc8 13. g4 f6 14. Bc4+ Nf7 15.
Nd5 Kh8 16. e6 Nd6 17. Nxe7 Qe8 18. Bxa6 Bxa6 19. Qxa6 Qxe7 20. Qe2 Rfe8 21.
O-O-O Qxe6 22. Qxe6 Rxe6 23. Bh2 Rae8 24. f5 gxf5 25. Nd4 Re4 26. Bxd6 cxd6 27.
Nxf5 Bf8 28. Nxd6 Bxd6 29. Rxd6 Kg7 30. Rf1 Re1+ 31. Rxe1 Rxe1+ 32. Kd2 Rh1 33.
Rd7+ Kg6 34. Rxa7 Rh2+ 35. Kd3 Rxh3+ 36. Ke4 Rh4 37. Kf3 h5 38. gxh5+ Rxh5 39.
Ra6 Rh2 40. Rxb6 Rxc2 41. a4 Kf5 42. a5 Rc5 43. a6 Ra5 44. b4 Ra3+ 45. Kf2 Ke5
46. b5 f5 47. Rb7 Ra2+ 48. Ke1 Ra1+ 49. Kd2 Ra2+ 50. Kc3 f4 51. a7 f3 52. b6
Kd6 53. Rb8 f2 54. Rf8 Kc6 55. Rxf2 Rxf2 56. a8=Q+ Kxb6 57. Qd5 Rf1 58. Qb3+
Ka7 59. Qa4+ Kb6 60. Qb4+ Ka7 61. Qa5+ 1-0

[Event "Heilbronner SV 1 - SG Schwäbisch Gmünd "]
[Site "Oberliga 2019/2020"]
[Date "2019.12.15"]
[Round "5.4"]
[White "Pogan, Nikolas"]
[Black "Denisow, Jewgeny"]
[Result "1-0"]
[WhiteElo "2216"]
[BlackElo "2131"]
[PlyCount "143"]
[EventDate "2019.??.??"]
[WhiteTeam "Heilbronner SV 1"]
[BlackTeam "SG Schwäbisch Gmünd 1"]

1. d4 d5 2. c4 e6 3. Nf3 Nf6 4. g3 Be7 5. Bg2 O-O 6. O-O dxc4 7. Ne5 c5 8. dxc5
Qc7 9. Nxc4 Qxc5 10. b3 Rd8 11. Nbd2 Nc6 12. Ba3 Qh5 13. Bxe7 Nxe7 14. e4 Qxd1
15. Rfxd1 Bd7 16. Nd6 Bc6 17. N2c4 Ne8 18. e5 Bxg2 19. Kxg2 Nxd6 20. Nxd6 Rd7
21. Rac1 Nd5 22. Kf3 Rf8 23. Nb5 f6 24. exf6 Rxf6+ 25. Kg2 a6 26. Nc3 h6 27.
Ne4 Rf8 28. Rd2 Rfd8 29. Re2 Kf7 30. Nc5 Rc8 31. Rc4 Re7 32. Nxb7 Rxc4 33. Nd6+
Kf6 34. Nxc4 Rd7 35. Rd2 Kf5 36. Kf3 g5 37. Ne3+ Kg6 38. Nxd5 exd5 39. Ke3 Kf5
40. Kd4 Kg4 41. Kc5 Kh3 42. f3 Re7 43. b4 Re3 44. f4 gxf4 45. gxf4 Kg4 46. Rf2
Kf5 47. Kxd5 Ra3 48. Kc4 h5 49. b5 Ra4+ 50. Kc5 Ra5 51. Kb6 Rxb5+ 52. Kxa6 Rb1
53. a4 h4 54. a5 h3 55. Rf3 Kg4 56. Rg3+ Kh4 57. Rf3 Kg4 58. Rg3+ Kh4 59. f5
Rf1 60. Kb6 Rxf5 61. Ra3 Rf6+ 62. Kb5 Rf5+ 63. Kc4 Rf2 64. a6 Rxh2 65. a7 Rc2+
66. Kd3 Rc8 67. a8=Q Rxa8 68. Rxa8 Kg3 69. Ke2 Kg2 70. Rg8+ Kh1 71. Kf3 h2 72.
Ra8 1-0

[Event "SG Schwäbisch Gmünd 1 - SK Bebenhausen "]
[Site "Oberliga 2019/2020"]
[Date "2020.01.19"]
[Round "6.1"]
[White "Braun, Georg"]
[Black "Velicka, Petr"]
[Result "1/2-1/2"]
[WhiteElo "2348"]
[BlackElo "2405"]
[PlyCount "87"]
[EventDate "2020.??.??"]
[WhiteTeam "SK Bebenhausen 1"]
[BlackTeam "SG Schwäbisch Gmünd 1"]

1. e4 e5 2. Nf3 Nc6 3. Bb5 Nf6 4. O-O Nxe4 5. Re1 Nd6 6. Nxe5 Be7 7. Bf1 Nxe5
8. Rxe5 O-O 9. d4 Bf6 10. Re1 Re8 11. c3 Rxe1 12. Qxe1 Ne8 13. Bd3 d5 14. Bf4
Nd6 15. Bxd6 cxd6 16. Qe2 Be6 17. Nd2 a6 18. Nf1 b5 19. a3 g6 20. Ne3 Bg5 21.
g3 Bxe3 22. Qxe3 Rb8 23. Qe2 Bd7 24. Re1 Qf6 25. Qd2 Re8 26. Rxe8+ Bxe8 27. Bf1
Bd7 28. Bg2 Qf5 29. Qd1 Kg7 30. h4 h6 31. Bf1 g5 32. hxg5 hxg5 33. a4 Qe4 34.
Bd3 Qe6 35. axb5 Bxb5 36. Bxb5 axb5 37. Qf1 Qe8 38. Kh2 f5 39. Kg2 Kf6 40. f3
f4 41. Qf2 Qh8 42. Qf1 Qe8 43. Qf2 Qh8 44. Qf1 1/2-1/2

[Event "SG Schwäbisch Gmünd 1 - SK Bebenhausen "]
[Site "Oberliga 2019/2020"]
[Date "2020.01.19"]
[Round "6.3"]
[White "Carstens, Andreas"]
[Black "Petrova, Kristyna"]
[Result "0-1"]
[WhiteElo "2079"]
[BlackElo "2235"]
[PlyCount "78"]
[EventDate "2020.??.??"]
[WhiteTeam "SK Bebenhausen 1"]
[BlackTeam "SG Schwäbisch Gmünd 1"]

1. e4 c5 2. Nf3 Nc6 3. d4 cxd4 4. Nxd4 e6 5. Nb5 d6 6. c4 a6 7. N5c3 Nf6 8. Be2
b6 9. Be3 Bb7 10. Nd2 Be7 11. Qb3 Nd7 12. Na4 Na5 13. Qc3 Bf6 14. Qb4 Nc5 15.
O-O O-O 16. Rad1 Rb8 17. Rfe1 Nc6 18. Qa3 Bd4 19. Bf1 Nxa4 20. Qxa4 Bxb2 21.
Nf3 Bc3 22. Re2 Qc7 23. Rb1 Ba5 24. Bf4 Ne5 25. Nxe5 dxe5 26. Bc1 Rfd8 27. Bb2
Qc5 28. Qb3 Rbc8 29. Qg3 f6 30. Ba3 Qxc4 31. Be7 Qd3 32. Re3 Qxb1 33. Bxf6 Rd7
34. Qxe5 Qxa2 35. Rg3 Rc1 36. Rxg7+ Rxg7 37. Bxg7 Rxf1+ 38. Kxf1 Qc4+ 39. Kg1
Qc1# 0-1